New homes for the tree spirits

Bibliographic Details
Format: Book
Published: Selangor : Penerbit Femina , 2005
Series:Jataka tales
Subjects:

MARC

LEADER 00000cam a2200000 7i4500
001 0000004494
005 20220105104002.0
008 070727
020 |a 9832648610(set) 
020 |a 9832648629 
090 0 0 |a JP   |b MOR ENG (5331) 
245 1 0 |a New homes for the tree spirits 
260 |a Selangor :   |b Penerbit Femina ,   |c 2005 
440 |a Jataka tales 
500 |a Children age 4-6 years old (yellow) 
650 0 |a Junior fiction   |x English   |x Languages 
650 0 |a Moral   |x Fiction 
999 |a 0000973965   |b Book   |c Children Collection   |e Cawangan Taman Universiti 
999 |a 0000973966   |b Book   |c Children Collection   |e Cawangan Taman Universiti 
999 |a 0000973967   |b Book   |c Children Collection   |e Cawangan Taman Universiti 
999 |a 0000973973   |b Book   |c Children Collection   |e Cawangan Taman Universiti 
999 |a 0000976177   |b Book   |c Children Collection   |e Perbadanan Perpustakaan Awam Johor 
999 |a 0000976178   |b Book   |c Children Collection   |e Perbadanan Perpustakaan Awam Johor 
999 |a 0000976179   |b Book   |c Children Collection   |e Perbadanan Perpustakaan Awam Johor 
999 |a 0000976180   |b Book   |c Children Collection   |e Perbadanan Perpustakaan Awam Johor 
999 |a 0000983194   |b Book   |c Children Collection   |e Perbadanan Perpustakaan Awam Johor 
999 |a 0001054963   |b Book   |c Children Collection   |e Cawangan Bandar Penawar